| 000 -LEADER |
| fixed length control field |
02006pam a22003854a 4500 |
| 001 - CONTROL NUMBER |
| control field |
13880079 |
| 003 - CONTROL NUMBER IDENTIFIER |
| control field |
USPCAS-E |
| 005 - DATE AND TIME OF LATEST TRANSACTION |
| control field |
20180118181411.0 |
| 008 - FIXED-LENGTH DATA ELEMENTS--GENERAL INFORMATION |
| fixed length control field |
050222s2005 mau b 001 0 eng |
| 010 ## - LIBRARY OF CONGRESS CONTROL NUMBER |
| LC control number |
2005004601 |
| 020 ## - INTERNATIONAL STANDARD BOOK NUMBER |
| International Standard Book Number |
1882982843 |
| 035 ## - SYSTEM CONTROL NUMBER |
| System control number |
(OCoLC)ocm57730976 |
| 040 ## - CATALOGING SOURCE |
| Original cataloging agency |
DLC |
| Transcribing agency |
DLC |
| Modifying agency |
YDX |
| -- |
BAKER |
| -- |
DLC |
| 042 ## - AUTHENTICATION CODE |
| Authentication code |
pcc |
| 050 00 - LIBRARY OF CONGRESS CALL NUMBER |
| Classification number |
LB2331.66 |
| Item number |
.C64 2005 |
| 082 00 - DEWEY DECIMAL CLASSIFICATION NUMBER |
| Classification number |
378.11 |
| Edition number |
22 |
| Author Mark |
COF-W 2005 |
| 100 1# - MAIN ENTRY--PERSONAL NAME |
| Personal name |
Coffman, James R. |
| 245 10 - TITLE STATEMENT |
| Title |
Work and peace in academe : |
| Remainder of title |
leveraging time, money, and intellectual energy through managing conflict / |
| Statement of responsibility, etc. |
James R. Coffman. |
| 246 18 - VARYING FORM OF TITLE |
| Title proper/short title |
Work & peace in academe |
| 260 ## - PUBLICATION, DISTRIBUTION, ETC. |
| Place of publication, distribution, etc. |
Bolton, Mass. : |
| Name of publisher, distributor, etc. |
Anker Pub. Company, |
| Date of publication, distribution, etc. |
c2005. |
| 300 ## - PHYSICAL DESCRIPTION |
| Extent |
xix, 220 p. ; |
| Dimensions |
24 cm. |
| 502 ## - DISSERTATION NOTE |
| Dissertation note |
0 |
| 504 ## - BIBLIOGRAPHY, ETC. NOTE |
| Bibliography, etc. note |
Includes bibliographical references (p. 213-215) and index. |
| 505 0# - FORMATTED CONTENTS NOTE |
| Formatted contents note |
Conflict : two sides of one coin -- A framework for understanding conflict in an academic environment -- Methods of conflict resolution in an academic environment -- Policy and procedure : development and implementation -- The players and their roles : governance and administration -- The players and their roles : institutional offices -- Key collateral players : support and specialty personnel -- Putting it all together : creating an integrated system of dispute prevention, resolution and management -- Some best practices. |
| 650 #0 - SUBJECT ADDED ENTRY--TOPICAL TERM |
| Topical term or geographic name entry element |
College personnel management. |
| 650 #0 - SUBJECT ADDED ENTRY--TOPICAL TERM |
| Topical term or geographic name entry element |
Conflict management. |
| 650 #0 - SUBJECT ADDED ENTRY--TOPICAL TERM |
| Topical term or geographic name entry element |
Communication in education. |
| 650 #0 - SUBJECT ADDED ENTRY--TOPICAL TERM |
| Topical term or geographic name entry element |
Universities and colleges |
| General subdivision |
Administration. |
| 856 41 - ELECTRONIC LOCATION AND ACCESS |
| Materials specified |
Table of contents |
| Uniform Resource Identifier |
<a href="http://www.loc.gov/catdir/toc/ecip058/2005004601.html">http://www.loc.gov/catdir/toc/ecip058/2005004601.html</a> |
| 856 42 - ELECTRONIC LOCATION AND ACCESS |
| Materials specified |
Publisher description |
| Uniform Resource Identifier |
<a href="http://www.loc.gov/catdir/enhancements/fy1505/2005004601-d.html">http://www.loc.gov/catdir/enhancements/fy1505/2005004601-d.html</a> |
| 906 ## - LOCAL DATA ELEMENT F, LDF (RLIN) |
| a |
7 |
| b |
cbc |
| c |
orignew |
| d |
1 |
| e |
ecip |
| f |
20 |
| g |
y-gencatlg |
| 942 ## - ADDED ENTRY ELEMENTS (KOHA) |
| Source of classification or shelving scheme |
|
| Koha item type |
Book |